Marvel Rainbow Picture Quiz #3 - Statistics

General Stats
  • This quiz has been taken 12 times
  • The average score is 16 of 20
Answer Stats
Picture Answer % Correct
Cyclops
100%
Invisible Woman
100%
Thing
100%
Wasp
100%
Wolverine
100%
Hulk
92%
Iron Fist
92%
Spider-Woman
92%
Shuri
83%
Tigra
83%
Banshee
75%
Clea
75%
Kingo
75%
Magik
75%
Sersi
75%
Crystal
67%
Hazmat
67%
Feral
58%
Martinex
50%
Superior Octopus
50%
No matching quizzes found
Score Distribution
Percent of People with Each Score
Percentile by Number Answered
Your Score History
You have not taken this quiz